Riconosci la Squadra di calcio - Quiz n°120 - Statistics

Statistiche generali
  • Questo quiz è stato fatto 4 volte
  • Il punteggio medio è 7 su 10
Statistiche sulle risposte
Indizio Risposta % Corretto
Colori sociali Bianco, nero
100%
Simboli Pantera nera
100%
Titoli nazionali 1 Primeira Liga
75%
Trofei nazionali 5 Coppe di Portogallo 2 Supercoppe di Portogallo
75%
Divisione nazionale 2023-2024 Prima
75%
Confederazione UEFA
75%
Trofei internazionali 0
50%
Fondazione 1903
50%
Capienza Stadio 28 263 posti
50%
Squadra Boavista
50%
Nessun quiz corrispondente trovato
Distribuzione punteggi
Percentuale di utenti per punteggio
Percentile per numero di risposta
I tuoi punteggi nel tempo
Non hai fatto questo quiz